Responsabilidad criminal: circunstancias modificativas y su fundamento en el código penal. Una visión desde la doctrina y la jurisprudencia del tribunal supremo
Salvato in:
| Autore principale: | |
|---|---|
| Natura: | Libro |
| Lingua: | spagnolo |
| Pubblicazione: |
Barcelona
Bosch Editor
2007
|
| Soggetti: | |
| Tags: |
Aggiungi Tag
Nessun Tag, puoi essere il primo ad aggiungerne!!
|
MARC
| LEADER | 00000nam a2200000 a 4500 | ||
|---|---|---|---|
| 001 | UCI6227 | ||
| 003 | CL-VaPUC | ||
| 008 | 080425e20070000SP |||||||||||||||||spa|d | ||
| 020 | |a 9788476987995 | ||
| 082 | 0 | 4 | |a 345.04 |b ARI |2 21 |
| 100 | 0 | |a Arias Eibe, Manuel J |e author |9 528952 | |
| 245 | 1 | 0 | |a Responsabilidad criminal: circunstancias modificativas y su fundamento en el código penal. Una visión desde la doctrina y la jurisprudencia del tribunal supremo |
| 300 | |a 300 p | ||
| 942 | |c BK | ||
| 945 | |d 20080425 00:00:00 |a rbrito | ||
| 260 | |a Barcelona |b Bosch Editor |c 2007 | ||
| 650 | 7 | |a RESPONSABILIDAD CRIMINAL |2 CL-VaPUC |9 403225 | |
| 650 | 7 | |a DERECHO PENAL |2 CL-VaPUC |9 11 | |
| 650 | 0 | |a Código penal |9 255935 | |
| 650 | 0 | |a Jurisprudencia |9 255952 | |
| 650 | 7 | |a CULPABILIDAD |2 CL-VaPUC |9 351694 | |
| 650 | 0 | |a Atenuantes |9 380889 | |
| 583 | |a last modification |c 20080425 00:00:00 |k Rodrigo Vera | ||
| 999 | |c 329758 |d 329756 | ||
| 952 | |0 0 |1 0 |4 0 |6 345_040000000000000_ARI_2007 |7 0 |8 A |9 414812 |a BIBDER |b BIBDER |d 2019-11-22 |i 4433076 |l 3 |m 1 |o 345.04 ARI 2007 |p 4433076 |r 2024-11-19 |s 2024-11-19 |w 2019-11-22 |y BK |k DER | ||